000 01897nam a2200313 a 4500
001 000034236
005 20200120222224.0
008 080724s2006 sp er 001 d spa d
020 _a8437600928
043 _ae-sp---
090 _aAT
_bCAL 2006
100 0 _aCalderón de la Barca, Pedro,
_d1600-1681.
245 1 3 _aLa vida es sueño /
_cPedro Calderón de la Barca ; edición de Ciriaco Morón ; ilustración de cubierta : Manuel Cerezales.
250 _a30a. ed.
260 _aBarcelona (España) :
_bCátedra,
_c2006.
300 _a207 p.
490 0 _aLetras hispánicas
_v85
500 _aIncluye índice.
504 _aIncluye bibliografía.
500 _aEjs. 1 y 2 de Biblioteca Colegio Chicalá : Plan Lector 2008. ;
_aEjs. 1 y 2 de Biblioteca Colegio Ciudadela : Plan Lector, 2009. ;
_aEjs. 1 y 2 de Biblioteca Icef : Plan Lector, 2009. ;
_aEjs. 3 y 4 de Biblioteca Colegio Ciudadela : Plan Lector, 2011. ;
_aEj. 1 y 2 de Biblioparque Funza : 31a. ed. de 2008 con ISBN : 9788437600925.
520 3 _a"He aquí la creación más lograda y de carácter más universal de Calderón. «La vida es sueño» es, en síntesis, la plasmación barroca de la idea de la fugacidad de la vida con todos los aditamentos geniales de construcción, caracteres y estilo que el autor supo imprimirle. Con este pesimismo radical sobre el valor de la vida humana se interfiere el libre albedrío como afirmación personal de Segismundo -"¿y teniendo yo más vida / tengo menos libertad?"-. Estos dos principios combinados crean una riqueza enorme de sentidos, que en esta edición son desmenuzados críticamente por Ciriaco Morón Arroyo."
650 1 4 _aTeatro adulto.
650 2 4 _aLiteratura adulto.
650 2 4 _aLiteratura española.
650 2 4 _aAmor en la literatura.
650 2 4 _aMuerte en la literatura.
700 1 _aMorón, Ciriaco,
_eed.
700 1 _aCerezales, Manuel,
_eil.
999 _c1948
_d1948